MYSTERIOUS caves of Langkawi Malaysia

Bibliographic Details
Corporate Author: Malaysia. Jabatan Pengairan dan Saliran
Format: Book
Published: Petaling Jaya, Selangor : Design Dimension , 1994
Subjects:

MARC

LEADER 00000cam a2200000 7i4500
001 0000001194
005 20140130.0
020 0 0 |a 9838720062 
090 0 0 |a R910.914409595112   |b MYS 1994 
245 0 0 |a MYSTERIOUS caves of Langkawi Malaysia 
260 0 0 |a Petaling Jaya, Selangor :   |b Design Dimension ,   |c 1994 
300 |a [122] p. :   |b col. ill., maps ;   |c 29 cm. 
650 0 0 |a Caves   |z Langkawi   |x Pictorial works 
710 1 1 |a Malaysia. Jabatan Pengairan dan Saliran 
998 |a JPSM 
999 |a 0000000986   |b Monograph   |c Reference   |e Default branch